000
00310nam a2200145Ia 4500
100
_a
Parker/ D./ Hann/ M.
942
_c
BK
654
_a
Computing
245
_a
Computing is easy
260
_b
Newness tech. Books
_a
London
_c
1983
082
_a
1.64
_b
Sul
300
_a
113
546
_a
ENGLISH
999
_c
18350
_d
18350